| 000 | 00923cab a2200301 4500 | ||
|---|---|---|---|
| 001 | ABS46823 | ||
| 008 | 090401t1992 xxu||||| |||| 00| 0 eng d | ||
| 035 | _a(Sirsi) u59587 | ||
| 041 | _aeng | ||
| 245 | _aUplifting architecture | ||
| 260 | _c1992 | ||
| 350 | _a0 | ||
| 490 |
_aBuilding _vSupplement July 1992 (16) |
||
| 520 | _aSummary of the RIBA document "Strategic study of the profession" which examines the changes necessary for architects to survive into the next century. | ||
| 650 | _aARCHITECTS | ||
| 650 | _aARCHITECTURE | ||
| 650 | _aMANAGEMENT-BUSINESS MANAGEMENT | ||
| 650 | _aCOMPULSORY COMPETITIVE FEE TENDERING | ||
| 650 | _aCOMPULSORY COMPETITIVE TENDERING | ||
| 650 | _aCAREERS, EDUCATION AND TRAINING | ||
| 650 | _aFEE TENDERING | ||
| 650 | _aFUTURE | ||
| 650 | _aPROFESSIONS | ||
| 650 | _aPUBLIC IMAGE | ||
| 690 | _aPROFESSIONAL PRACTICE | ||
| 942 | _n0 | ||
| 948 | _c04/03/1997 | ||
| 999 |
_c36576 _d36576 |
||